Southville International School and Colleges
Your cart is empty.
  • Cart
  • Lists
    Public lists Eva Luna New books Lux_list list_1
    Your lists Log in to create your own lists
  • Log in to your account
  • Your cookies
  • Search history
Southville International School and Colleges
  • Advanced search
  • Recent comments
  • Most popular
  • Libraries

Log in to your account

Log in with GOOGLE


If you do not have an external account, but do have a local account, you can still log in:

  1. Home
  2. MARC view: Pocket book of English grammar for engineers and scientists
Normal view MARC view ISBD view

Pocket book of English grammar for engineers and scientists (Record no. 15161)

[ view plain ]
MARC details
000 -LEADER
fixed length control field 01454cam a2200373 a 4500
001 - CONTROL NUMBER
control field 13826541
003 - CONTROL NUMBER IDENTIFIER
control field OSt
005 - DATE AND TIME OF LATEST TRANSACTION
control field 20140310182700.0
008 - FIXED-LENGTH DATA ELEMENTS--GENERAL INFORMATION
fixed length control field 041228s2006 maua 001 0 eng
010 ## - LIBRARY OF CONGRESS CONTROL NUMBER
LC control number 2004065608
020 ## - INTERNATIONAL STANDARD BOOK NUMBER
International Standard Book Number 007126308X
040 ## - CATALOGING SOURCE
Original cataloging agency DLC
Transcribing agency DLC
Modifying agency DLC
050 00 - LIBRARY OF CONGRESS CALL NUMBER
Classification number PE 1475
Item number .F499 2006
082 00 - DEWEY DECIMAL CLASSIFICATION NUMBER
Classification number M 428.2
Item number F499 2006
100 1# - MAIN ENTRY--PERSONAL NAME
Personal name Finkelstein, Leo,
Dates associated with a name 1946-
245 10 - TITLE STATEMENT
Title Pocket book of English grammar for engineers and scientists
Statement of responsibility, etc Finkelstein, Jr., Leo
260 ## - PUBLICATION, DISTRIBUTION, ETC. (IMPRINT)
Place of publication, distribution, etc Boston
Name of publisher, distributor, etc McGraw-Hill
Date of publication, distribution, etc c2006
300 ## - PHYSICAL DESCRIPTION
Extent 160 p.
Other physical details ill.
Dimensions 21 cm.
440 #0 - SERIES STATEMENT/ADDED ENTRY--TITLE
Title McGraw-Hill's BEST--basic engineering series and tools
500 ## - GENERAL NOTE
General note Includes index.
521 ## - TARGET AUDIENCE NOTE
Target audience note
526 ## - STUDY PROGRAM INFORMATION NOTE
Interest level 0L to 1700L
541 ## - IMMEDIATE SOURCE OF ACQUISITION NOTE
-- 1
541 ## - IMMEDIATE SOURCE OF ACQUISITION NOTE
-- 2
562 ## - COPY AND VERSION IDENTIFICATION NOTE
Number of copies 2
650 #0 - SUBJECT ADDED ENTRY--TOPICAL TERM
Topical term or geographic name as entry element English language
General subdivision Grammar
Form subdivision Handbooks, manuals, etc.
650 #0 - SUBJECT ADDED ENTRY--TOPICAL TERM
Topical term or geographic name as entry element English language
General subdivision Technical English
Form subdivision Handbooks, manuals, etc.
650 #0 - SUBJECT ADDED ENTRY--TOPICAL TERM
Topical term or geographic name as entry element Technical writing
Form subdivision Handbooks, manuals, etc.
856 42 - ELECTRONIC LOCATION AND ACCESS
Materials specified Publisher description
Uniform Resource Identifier <a href="http://www.loc.gov/catdir/enhancements/fy0619/2004065608-d.html">http://www.loc.gov/catdir/enhancements/fy0619/2004065608-d.html</a>
856 41 - ELECTRONIC LOCATION AND ACCESS
Materials specified Table of contents only
Uniform Resource Identifier <a href="http://www.loc.gov/catdir/enhancements/fy0619/2004065608-t.html">http://www.loc.gov/catdir/enhancements/fy0619/2004065608-t.html</a>
906 ## - LOCAL DATA ELEMENT F, LDF (RLIN)
a 7
b cbc
c orignew
d 1
e ocip
f 20
g y-gencatlg
942 ## - ADDED ENTRY ELEMENTS (KOHA)
Source of classification or shelving scheme Library of Congress Classification
Koha item type Books
Call number prefix
Holdings
Withdrawn status Lost status Source of classification or shelving scheme Damaged status Home library Current library Shelving location Date acquired Total Checkouts Full call number Barcode Date last seen Copy number Price effective from Koha item type Date checked out
    Library of Congress Classification   College Library College Library General Circulation Section 04/19/2012   PE 1475 .F499 2006 c12309 05/15/2018 1 04/19/2012 Books  
    Library of Congress Classification   College Library College Library General Circulation Section 05/20/2013 1 PE 1475 .F499 2006 c12308 05/15/2018 2 05/20/2013 Books 07/23/2014

Pocket book of English grammar for engineers and scientists

APA

Finkelstein L., . (2006). Pocket book of English grammar for engineers and scientists. Boston: McGraw-Hill.

Chicago

Finkelstein Leo, . 2006. Pocket book of English grammar for engineers and scientists. Boston: McGraw-Hill.

Harvard

Finkelstein L., . (2006). Pocket book of English grammar for engineers and scientists. Boston: McGraw-Hill.

MLA

Finkelstein Leo, . Pocket book of English grammar for engineers and scientists. Boston: McGraw-Hill. 2006.

  • Place hold
  • Print
  • Cite
  • Add to your cart (remove)
  • Save record
    BIBTEX Dublin Core MARCXML MARC (non-Unicode/MARC-8) MARC (Unicode/UTF-8) MARC (Unicode/UTF-8, Standard) MODS (XML) RIS
  • More searches
    Search for this title in:
    Other Libraries (WorldCat) Other Databases (Google Scholar) Online Stores (Bookfinder.com) Open Library (openlibrary.org)

Exporting to Dublin Core...

SOUTHVILLE LIBRARY

Southville International School and Colleges Library

1281 Tropical Ave. Cor. Luxembourg St., BF Homes International, Las Pinas City

Tel. No. 8256374 / 252358 Loc. 117/146

Powered by Koha